Fr. Conceicao Rodrigues College of Engineering

learning React: Functional web development with react and Redux (Record no. 22684)

MARC details
000 -LEADER
fixed length control field 00308nam a2200133Ia 4500
100 ## - MAIN ENTRY--PERSONAL NAME
Personal name Banks/Alex/ Porcello/Eve
245 ## - TITLE STATEMENT
Title learning React: Functional web development with react and Redux
260 ## - PUBLICATION, DISTRIBUTION, ETC.
Name of publisher, distributor, etc. #N/A
Date of publication, distribution, etc. 2021
366 ## - TRADE AVAILABILITY INFORMATION
Publishers's discount category 20
300 ## - PHYSICAL DESCRIPTION
Extent 335
546 ## - LANGUAGE NOTE
Language note ENGLISH
654 ## - SUBJECT ADDED ENTRY--FACETED TOPICAL TERMS
Focus term React
942 ## - ADDED ENTRY ELEMENTS (KOHA)
Koha item type BOOK
Holdings
Withdrawn status Lost status Damaged status Not for loan Collection Home library Current library Date acquired Source of acquisition Cost, normal purchase price Inventory number Total Checkouts Full call number Barcode Date last seen Date last checked out Cost, replacement price Price effective from Koha item type
        CRC Fr. Agnel's C.Rodrigues College of Engineering AGNEL TECHNICAL COLLEGE LIBRARY 17/03/2023 Readers World 1080.00 290 dt 27.07.2022 3 25890 24/04/2026 25/02/2026 1350.00   BOOK